000 01240nam0a22003011 4500
001 rc\2115815
005 20250623091853.0
035 _a(NLR Aleph) 006700104
090 _a5235235
_c5235235
100 _a20110829d1979 |||y0rusy50 ca
101 0 _arus
102 _aRU
105 _ay z |||||
200 1 _aРиккетсиозный конъюнктиво-кератит у крупного рогатого скота, его диагностика, лечение, профилактика и меры борьбы с ним
_eУчеб. пособие
210 _aВоронеж
_cВСХИ
_d1979
215 _a26 с.
_d20
300 _aВ надзаг.: Воронеж. с.-х. ин-т им. К.Д. Глинки
320 _aБиблиогр.: с. 24-25 (22 назв.)
606 _aРиккетсиозы животных
_2psbo
606 _aКератоконъюнктивит инфекционный крупного рогатого скота
_2psbo
700 1 _aАвроров
_bВ.Н.
_gВладимир Николаевич
801 0 _aRU
_bNLR
_gpsbo
801 1 _aRU
_bELAR
_2rusmarc
852 _aNLR
_j80-4/12204
899 _aRuMoRGB
_jB 80-9/953
899 _aRuMoRGB
_jB 80-9/954
942 _cBOOK
980 _aNB